| 000 | 02245nam a2200445 i 4500 | ||
|---|---|---|---|
| 999 |
_c5450 _d5450 |
||
| 001 | ocm16628008 | ||
| 003 | OSt | ||
| 005 | 20250918104838.0 | ||
| 008 | 180713s2008 enka e 000 j eng d | ||
| 020 | _a9780194790673 | ||
| 040 |
_aWSB _cWSB _dSHS _dNLGGC _dDLC _dCaOL _dKH8 _erda |
||
| 082 | _a428.6 HEN | ||
| 100 | 1 |
_aMowat, Diane, _eauthor. |
|
| 245 | 1 | 0 |
_aNew Yorkers : _bshort stories / _cO. Henry ; retold by Diane Mowat. |
| 250 | _aSimplified edition. | ||
| 264 | 1 |
_aOxford, [England] : _bOxford University Press, _c[2008] |
|
| 264 | 4 | _c©2008. | |
| 300 |
_a56 pages : _billustrations ; _c20 cm. |
||
| 336 |
_atext _2rdacontent. |
||
| 337 |
_aunmediated _2rdamedia. |
||
| 338 |
_avolume _2rdacarrier. |
||
| 490 | 0 | _aOxford bookworms library. Human interest, stage2. | |
| 500 | _aIncluded in the reader: story and activities. | ||
| 500 | _a"First published in Oxford Bookworms, 1991"--T.p. verso. | ||
| 505 | 0 | _aThe Christmas presents -- Soapy's choice -- A walk in amnesia -- Tildy's moment -- The momento. | |
| 520 | _a"A housewife, a tramp, a lawyer, a waitress, an actress - ordinary people living ordinary lives in New York at the beginning of this century. The city has changed greatly since that time, but its people are much the same. Some are rich, some are poor, some are happy, some are sad, some have found love, some are looking for love. O. Henry's famous short stories - sensitive, funny, sympathetic - give us vivd pictures of the everday lives of these New Yorkers." --Back cover. | ||
| 650 | 0 |
_aReading comprehension _vProblems, exercises, etc. |
|
| 650 | 0 | _aHigh interest-low vocabulary books. | |
| 650 | 0 | _aReaders (Adult) | |
| 650 | 0 | _aReaders for new literates. | |
| 650 | 7 |
_aShort stories. _2genre. |
|
| 651 | 0 |
_aNew York (N.Y.) _vFiction. |
|
| 700 | 1 |
_iBased on (work): _aHenry, O., _d1862-1910. _tChristmas presents. |
|
| 700 | 1 |
_iBased on (work): _aHenry, O., _d1862-1910. _tSoapy's choice. |
|
| 700 | 1 |
_iBased on (work): _aHenry, O., _d1862-1910. _tWalk in amnesia. |
|
| 700 | 1 |
_iBased on (work): _aHenry, O., _d1862-1910. _tTildy's moment. |
|
| 700 | 1 |
_iBased on (work): _aHenry, O., _d1862-1910. _tMomento. |
|
| 830 | 0 |
_aOxford bookworms library. _pHuman interest, _nStage 2. |
|
| 942 |
_2ddc _cTR |
||